| 000 | 00566nam a2200181Ia 4500 | ||
|---|---|---|---|
| 001 | 4896 | ||
| 005 | 20260306145828.0 | ||
| 008 | 260306t2017||||xx |||||||||||||| ||spa|| | ||
| 041 | _aESP | ||
| 082 |
_a331.1 _bO31 |
||
| 100 |
_aOchoa Pacheco, Paola _eAUT |
||
| 245 | 0 |
_aLas competencias laborales en el mercado de profesionales de América Latina: _b¿qué destrezas demandarán las empresas del futuro en Chile, Colombia, Ecuador y el Perú? |
|
| 260 | _c2017 | ||
| 300 |
_a121 páginas : _c24 cm. |
||
| 650 | _aGEN | ||
| 654 | _aCAN | ||
| 942 |
_cLIB _dJUS _fJUS _2ddc _n |
||
| 999 |
_c4896 _d4896 |
||